000 00229nam a22000857a 4500
008 170616b xxu||||| |||| 00| 0 eng d
100 _93443
_aHussain. S. A
245 _aThe national culture of india
260 _aNew Delhi
_bN. B. T
_c2008
999 _c6818
_d6818